000 00408nam a22001697a 4500
005 20170829160942.0
008 160916b xxu||||| |||| 00| 0 eng d
020 _a81-85240-09-4
041 _aeng
100 _aJAIN KRISHNA AND JAIN O.P
_93582
245 _aPlain And Reinforced Concrete
260 _bNEMCHAND
_c2007
300 _a810
490 _aVOLUME 2
650 _aENGINEERING
_93902
942 _cBK
999 _c5258
_d5256